000 00555nam a2200193Ia 4500
005 20250326145104.0
008 250326s9999 xx 000 0 und d
037 _aTextbook
040 _aFMSL
_beng
_cFMSL
041 _aeng
_2eng
084 _aX3:f Q0
_qFMSL
100 _aMeredith D
_9750621
245 0 _aExplaining research: how to reach key audiences to advance your work
_cMeredith D
260 _aNew Delhi
_bNew Delhi, Oxford
_c2010
365 _b895
650 _aManagement
942 _cTB
_hX3:f Q0
999 _c1306329
_d1306329